000 00449nam a2200169 a 4500
005 20140310183437.0
008 080415s19uu xx 00 eng d
020 _a0733550207
050 _aPZ 7
_b.W591 2004
100 _aWhitefeather, Sheri
245 _aThe heart of a stranger.
_cSheri WhiteFeather
260 _aAustralia :
_bMills & Boon,
_c2004.
300 _a249 p. :
_c17 cm.
650 _aFiction.
942 _cBK
_2lcc
999 _c22929
_d22929